|
|
|
|
| LEADER |
00000ny a22000003n 4500 |
| 005 |
20110615130957.0 |
| 008 |
100513s2005 sp 000 0 spa d |
| 035 |
|
|
|a 4912
|
| 040 |
|
|
|a Mpons
|d vLex
|
| 080 |
|
|
|a 347.91/.95
|x (460)
|
| 090 |
|
|
|c 710
|d 710
|
| 100 |
1 |
|
|a Vz̀quez Barros, Sergio
|
| 245 |
1 |
4 |
|a Formularios de interdicto, con arreglo a las Leyes de Reforma 13/2009, de 3 de noviembre y 19/2009, de 23 de noviembre
|h [Recurso electrn̤ico]
|c Sergio Vz̀quez Barros
|
| 256 |
|
|
|a Servicio en ln̕ea
|
| 260 |
|
|
|a Espaą :
|b V-lex,
|c 2010
|
| 650 |
0 |
4 |
|a Interdicto (Derecho civil)
|z Espaą
|
| 740 |
0 |
|
|a vLex Libros (Servicios en ln̕ea)
|
| 856 |
4 |
0 |
|u http://vlex.com/source/4912
|z Acceso restringido
|
| 942 |
|
|
|c BOOK
|
| 999 |
|
0 |
|a Civil Law
|z Espaą
|